[Event "Gipuzkoako-ch U16"]
[Site "Errenteria"]
[Date "2007.11.11"]
[Round "4.8"]
[White "Cruz Olabe, Leire"]
[Black "Etxeberria Urteaga, Mikel"]
[Result "0-1"]
[WhiteElo "1516"]
[BlackElo "1649"]
[PlyCount "68"]
[EventDate "2007.10.21"]
[EventType "swiss"]
[EventRounds "6"]
[EventCountry "ESP"]
[SourceTitle "EXT 2024"]
[Source "ChessBase"]
[SourceDate "2023.10.10"]
[SourceVersion "1"]
[SourceVersionDate "2023.10.10"]
[SourceQuality "1"]

1. d4 e6 2. Nf3 d5 3. Nc3 c5 4. e3 cxd4 5. Nxd4 g6 6. Bb5+ Bd7 7. Bxd7+ Nxd7 8. 0-0 Nc5 9. b3 Bg7 10. Qd2 Nf6 11. Ba3 b6 12. Bxc5 bxc5 13. Nf3 Ne4 14. Qd3 Bxc3 15. Rad1 0-0 16. Qb5 Qb6 17. Qxb6 axb6 18. a4 Rfd8 19. h3 Rd6 20. Rd3 Rad8 21. Ng5 Nxg5 22. Rxc3 d4 23. exd4 Rxd4 24. Ra1 Ra8 25. Re3 Ne4 26. Rc1 Nf6 27. Rf3 Kg7 28. c3 Rd6 29. Ra1 Ne4 30. Re3 f5 31. g4 b5 32. gxf5 exf5 33. f3 Ng5 34. Kg2 bxa4 0-1